Normal view
MARC view
Entry Personal Name
001 - CONTROL NUMBER
- control field: 8963
003 - CONTROL NUMBER IDENTIFIER
- control field: OSt
005 - DATE AND TIME OF LATEST TRANSACTION
- control field: 20160525185614.0
008 - FIXED-LENGTH DATA ELEMENTS
- fixed length control field: 160525|| aca||aabn | a|a d
040 ## - CATALOGING SOURCE
- Original cataloging agency: OSt
- Transcribing agency: OSt
100 ## - HEADING--PERSONAL NAME
- Personal name: Drayson, Nicholas
670 ## - SOURCE DATA FOUND
- Source citation: Work cat.: (OSt): Drayson, Nicholas, A guide to the birds of East Africa /, 2006
